| 000 | 00539nam a2200241Ia 4500 | ||
|---|---|---|---|
| 008 | 210210b2017 xxu||||| |||| 00| 0 eng d | ||
| 020 | _a9781471807954 | ||
| 041 | _aeng | ||
| 082 | _a642.6 COUF | ||
| 100 | _aCOUSINS (John) | ||
| 245 | _aFood and beverage service Ed 9 | ||
| 250 | _a | ||
| 260 |
_aLondon _bHodder Education _c2017 |
||
| 300 | _axiii,466 | ||
| 650 | _aservice | ||
| 650 | _aFood | ||
| 650 | _aEd | ||
| 650 | _abeverage | ||
| 650 | _a9 | ||
| 690 | _aFood | ||
| 700 | _aLILLICRAP (Dennis) | ||
| 906 | _a072009 | ||
| 999 |
_c121865 _d121865 |
||